[Event "DEM U10 2025"]
[Site "Willingen GER"]
[Date "2025.06.11"]
[Round "6"]
[White "Sriram, Aumkar"]
[Black "Solar, Mavi"]
[Result "1-0"]
[Termination "normal"]
[Board "13"]
[WhiteElo "1517"]
[BlackElo "1297"]
[WhiteClock "01:05:21"]
[BlackClock "00:02:24"]
[PlyCount "57"]
[WhiteFideId "33460477"]
[BlackFideId "533008973"]
[EventCountry "GER"]
[EventRounds "9"]
[EventType "swiss"]
[EventDate "2025.06.07"]

1. e4 {[%clk 01:30:59]} e6 {[%clk 01:30:55]} {[%emt 00:00:06]} 2. d4 {[%clk
01:31:24]} {[%emt 00:00:05]} d5 {[%clk 01:31:22]} {[%emt 00:00:03]} 3. Nc3
{[%clk 01:31:50]} {[%emt 00:00:04]} Bb4 {[%clk 01:31:30]} {[%emt 00:00:21]} 4.
e5 {[%clk 01:32:11]} {[%emt 00:00:09]} Bxc3+ {[%clk 01:30:10]} {[%emt
00:01:50]} 5. bxc3 {[%clk 01:32:29]} {[%emt 00:00:12]} Ne7 {[%clk 01:29:36]}
{[%emt 00:01:05]} 6. Qg4 {[%clk 01:32:47]} {[%emt 00:00:11]} O-O {[%clk
01:27:26]} {[%emt 00:02:40]} 7. Bd3 {[%clk 01:32:46]} {[%emt 00:00:31]} f5
{[%clk 01:24:19]} {[%emt 00:03:37]} 8. Qg3 {[%clk 01:32:14]} {[%emt 00:01:02]}
Nbc6 {[%clk 01:19:26]} {[%emt 00:05:24]} 9. Ne2 {[%clk 01:32:08]} {[%emt
00:00:35]} Bd7 {[%clk 01:09:46]} {[%emt 00:10:09]} 10. Nf4 {[%clk 01:27:21]}
{[%emt 00:05:17]} Qe8 {[%clk 00:48:51]} {[%emt 00:21:25]} 11. Ba3 {[%emt
00:02:20]} Qf7 {[%clk 00:45:11]} {[%emt 00:04:08]} 12. h4 {[%clk 01:18:54]}
{[%emt 00:07:09]} Rfe8 {[%clk 00:43:24]} {[%emt 00:02:17]} 13. Be2 {[%clk
01:17:59]} {[%emt 00:01:26]} Rad8 {[%clk 00:41:14]} {[%emt 00:02:39]} 14. Bh5
{[%clk 01:15:10]} {[%emt 00:03:18]} g6 {[%clk 00:40:50]} {[%emt 00:00:55]} 15.
Be2 {[%clk 01:15:23]} {[%emt 00:00:17]} Qg7 {[%clk 00:36:20]} {[%emt 00:04:59]}
16. h5 {[%clk 01:09:53]} {[%emt 00:06:00]} Rf8 {[%clk 00:27:29]} {[%emt
00:09:21]} 17. Bb5 {[%clk 01:07:03]} {[%emt 00:03:21]} Rf7 {[%clk 00:05:20]}
{[%emt 00:22:39]} 18. Bxe7 {[%clk 01:05:52]} {[%emt 00:01:40]} Rxe7 {[%clk
00:04:30]} {[%emt 00:01:21]} 19. Bxc6 {[%clk 01:05:38]} {[%emt 00:00:43]} Bxc6
{[%clk 00:03:37]} {[%emt 00:01:24]} 20. hxg6 {[%clk 01:05:40]} {[%emt
00:00:28]} Rde8 {[%clk 00:01:41]} {[%emt 00:02:25]} 21. gxh7+ {[%clk 01:05:45]}
{[%emt 00:00:25]} Kf7 {[%clk 00:01:24]} {[%emt 00:00:48]} 22. Qh4 {[%clk
01:04:21]} {[%emt 00:01:52]} Rh8 {[%clk 00:01:23]} {[%emt 00:00:33]} 23. Qh5+
{[%clk 01:04:41]} {[%emt 00:00:10]} Kf8 {[%clk 00:01:35]} {[%emt 00:00:17]} 24.
Ng6+ {[%clk 01:04:48]} {[%emt 00:00:24]} Ke8 {[%clk 00:01:41]} {[%emt
00:00:24]} 25. Nxh8+ {[%clk 01:05:04]} {[%emt 00:00:13]} Kd7 {[%clk 00:01:46]}
{[%emt 00:00:25]} 26. Ng6 {[%clk 01:05:21]} {[%emt 00:00:13]} Re8 {[%clk
00:02:00]} {[%emt 00:00:16]} 27. h8=Q {[%clk 01:05:23]} {[%emt 00:00:28]} Rxh8
{[%clk 00:02:12]} {[%emt 00:00:18]} 28. Qxh8 {[%clk 01:05:21]} {[%emt
00:00:32]} Qxg6 {[%clk 00:02:24]} {[%emt 00:00:19]} 29. Rh7+ {[%emt 00:00:45]}
1-0

[Event "DEM U10 2025"]
[Site "Willingen GER"]
[Date "2025.06.11"]
[Round "6"]
[White "Busch, Jonathan Luis"]
[Black "Schmidt, Fabian"]
[Result "1-0"]
[Termination "normal"]
[Board "14"]
[WhiteElo "1723"]
[BlackElo "1407"]
[WhiteClock "00:19:02"]
[BlackClock "00:18:34"]
[PlyCount "97"]
[WhiteFideId "34664874"]
[BlackFideId "533043515"]
[EventCountry "GER"]
[EventRounds "9"]
[EventType "swiss"]
[EventDate "2025.06.07"]

1. e4 {[%clk 01:30:56]} {[%emt 00:00:03]} c6 {[%clk 01:30:57]} {[%emt
00:00:04]} 2. Nf3 {[%clk 01:31:21]} {[%emt 00:00:05]} d5 {[%clk 01:31:23]}
{[%emt 00:00:04]} 3. Nc3 {[%clk 01:31:44]} {[%emt 00:00:06]} dxe4 {[%clk
01:31:49]} {[%emt 00:00:05]} 4. Nxe4 {[%clk 01:32:04]} {[%emt 00:00:09]} Nf6
{[%clk 01:32:17]} {[%emt 00:00:03]} 5. Qe2 {[%clk 01:32:23]} {[%emt 00:00:10]}
Nxe4 {[%clk 01:32:43]} {[%emt 00:00:04]} 6. Qxe4 {[%clk 01:32:40]} {[%emt
00:00:13]} Qd5 {[%clk 01:33:08]} {[%emt 00:00:05]} 7. Qh4 {[%clk 01:32:49]}
{[%emt 00:00:20]} Qf5 {[%clk 01:33:09]} {[%emt 00:00:29]} 8. Bd3 {[%clk
01:30:49]} {[%emt 00:02:30]} Qf6 {[%clk 01:33:01]} {[%emt 00:00:39]} 9. Qg3
{[%emt 00:01:42]} g6 {[%clk 01:30:00]} {[%emt 00:03:29]} 10. O-O {[%clk
01:29:33]} {[%emt 00:00:35]} Bg7 {[%clk 01:23:22]} {[%emt 00:07:09]} 11. Rb1
{[%clk 01:28:19]} {[%emt 00:01:44]} O-O {[%clk 01:22:12]} {[%emt 00:01:40]} 12.
b4 {[%clk 01:27:26]} {[%emt 00:01:23]} b5 {[%clk 01:16:37]} {[%emt 00:06:05]}
13. Bb2 {[%clk 01:27:17]} {[%emt 00:00:39]} Qd6 {[%clk 01:16:10]} {[%emt
00:00:57]} 14. Bxg7 {[%clk 01:25:07]} {[%emt 00:02:39]} Qxg3 {[%clk 01:15:20]}
{[%emt 00:01:21]} 15. hxg3 {[%clk 01:23:57]} {[%emt 00:01:40]} Kxg7 {[%clk
01:15:21]} {[%emt 00:00:29]} 16. Rfe1 {[%clk 01:24:03]} {[%emt 00:00:24]} Re8
{[%clk 01:02:37]} {[%emt 00:13:14]} 17. Nd4 {[%clk 01:23:14]} {[%emt 00:01:19]}
Bd7 {[%clk 00:58:09]} {[%emt 00:04:57]} 18. Be4 {[%clk 01:22:42]} {[%emt
00:01:02]} a6 {[%clk 00:56:41]} {[%emt 00:01:59]} 19. Re3 {[%clk 01:19:29]}
{[%emt 00:03:43]} e5 {[%clk 00:48:34]} {[%emt 00:08:37]} 20. Nb3 {[%clk
01:18:51]} {[%emt 00:01:08]} f5 {[%clk 00:48:19]} {[%emt 00:00:45]} 21. Bf3
{[%clk 01:18:39]} {[%emt 00:00:40]} e4 {[%clk 00:47:28]} {[%emt 00:01:23]} 22.
Be2 {[%clk 01:18:35]} {[%emt 00:00:34]} Be6 {[%clk 00:47:21]} {[%emt 00:00:37]}
23. Nc5 {[%clk 01:16:47]} {[%emt 00:02:18]} Bxa2 {[%clk 00:45:09]} {[%emt
00:02:42]} 24. Ra1 {[%clk 01:17:07]} {[%emt 00:00:10]} Bd5 {[%clk 00:41:09]}
{[%emt 00:04:31]} 25. Rea3 {[%clk 01:15:30]} {[%emt 00:02:06]} Re7 {[%clk
00:38:19]} {[%emt 00:03:20]} 26. Ra5 {[%clk 01:11:34]} {[%emt 00:04:26]} Rea7
{[%clk 00:35:04]} {[%emt 00:03:45]} 27. d3 {[%clk 01:01:51]} {[%emt 00:10:13]}
exd3 {[%clk 00:32:22]} {[%emt 00:03:11]} 28. Bxd3 {[%clk 01:02:01]} {[%emt
00:00:20]} Bf7 {[%clk 00:24:07]} {[%emt 00:08:45]} 29. Be2 {[%clk 00:58:14]}
{[%emt 00:04:18]} Kf6 {[%clk 00:15:17]} {[%emt 00:09:20]} 30. Rd1 {[%clk
00:57:12]} {[%emt 00:01:32]} Be6 {[%clk 00:14:26]} {[%emt 00:01:21]} 31. Rd6
{[%clk 00:55:51]} {[%emt 00:01:51]} Re7 {[%clk 00:14:26]} {[%emt 00:00:31]} 32.
c4 {[%clk 00:53:40]} {[%emt 00:02:41]} Nd7 {[%clk 00:11:15]} {[%emt 00:03:40]}
33. Nxd7+ {[%clk 00:30:12]} {[%emt 00:23:59]} Rxd7 {[%clk 00:11:34]} {[%emt
00:00:11]} 34. Rxc6 {[%clk 00:30:24]} {[%emt 00:00:18]} Rd2 {[%clk 00:11:27]}
{[%emt 00:00:36]} 35. Bf1 {[%clk 00:15:11]} {[%emt 00:15:43]} Rd1 {[%clk
00:11:24]} {[%emt 00:00:33]} 36. cxb5 {[%clk 00:15:27]} {[%emt 00:00:14]} Rad8
{[%clk 00:11:16]} {[%emt 00:00:38]} 37. Raxa6 {[%clk 00:13:23]} {[%emt
00:02:34]} Re1 {[%clk 00:09:30]} {[%emt 00:02:16]} 38. Rd6 {[%clk 00:09:36]}
{[%emt 00:04:17]} Rc8 {[%clk 00:08:31]} {[%emt 00:01:29]} 39. Rac6 {[%clk
00:09:42]} {[%emt 00:00:24]} Ra8 {[%clk 00:08:31]} {[%emt 00:00:30]} 40. b6
{[%clk 00:09:30]} {[%emt 00:00:42]} Kf7 {[%clk 00:03:33]} {[%emt 00:05:27]} 41.
Rc7+ {[%clk 00:08:26]} {[%emt 00:01:33]} Kf6 {[%clk 00:03:23]} {[%emt
00:00:40]} 42. g4 {[%clk 00:23:42]} {[%emt 00:15:14]} f4 {[%clk 00:25:15]}
{[%emt 00:08:38]} 43. Rcc6 {[%clk 00:21:49]} {[%emt 00:02:24]} Kf7 {[%clk
00:24:08]} {[%emt 00:01:37]} 44. Rxe6 {[%clk 00:20:40]} {[%emt 00:01:38]} Rd1
{[%clk 00:23:23]} {[%emt 00:01:16]} 45. Red6 {[%clk 00:20:52]} {[%emt
00:00:17]} Rb1 {[%clk 00:23:30]} {[%emt 00:00:22]} 46. Rc7+ {[%clk 00:21:14]}
{[%emt 00:00:08]} Ke8 {[%clk 00:22:55]} {[%emt 00:01:05]} 47. b7 {[%clk
00:21:34]} {[%emt 00:00:11]} Rb8 {[%clk 00:18:24]} {[%emt 00:05:01]} 48. Rb6
{[%clk 00:18:48]} {[%emt 00:03:16]} Kd8 {[%clk 00:18:34]} {[%emt 00:00:20]} 49.
Rxh7 {[%clk 00:19:02]} {[%emt 00:00:15]} 1-0

[Event "DEM U10 2025"]
[Site "Willingen GER"]
[Date "2025.06.11"]
[Round "6"]
[White "von Flottwell, Lionel"]
[Black "Tomovski, Leon"]
[Result "0-1"]
[Termination "normal"]
[Board "15"]
[WhiteElo "1645"]
[BlackElo "1540"]
[WhiteClock "00:02:58"]
[BlackClock "01:22:32"]
[PlyCount "74"]
[WhiteFideId "34632727"]
[BlackFideId "34691790"]
[EventCountry "GER"]
[EventRounds "9"]
[EventType "swiss"]
[EventDate "2025.06.07"]

1. e4 {[%clk 01:30:56]} {[%emt 00:00:04]} e6 {[%clk 01:29:48]} {[%emt
00:01:12]} 2. d4 {[%clk 01:31:20]} {[%emt 00:00:06]} d5 {[%clk 01:30:15]}
{[%emt 00:00:04]} 3. e5 {[%clk 01:31:45]} {[%emt 00:00:05]} c5 {[%clk
01:30:41]} {[%emt 00:00:04]} 4. c3 {[%clk 01:31:52]} {[%emt 00:00:23]} Nc6
{[%clk 01:31:00]} {[%emt 00:00:10]} 5. Nf3 {[%clk 01:32:14]} {[%emt 00:00:09]}
Bd7 {[%clk 01:31:22]} {[%emt 00:00:07]} 6. a3 {[%clk 01:25:16]} {[%emt
00:07:29]} f6 {[%clk 01:29:01]} {[%emt 00:02:51]} 7. Bd3 {[%clk 01:20:34]}
{[%emt 00:05:12]} Qc7 {[%clk 01:28:12]} {[%emt 00:01:19]} 8. Bf4 {[%clk
01:16:06]} {[%emt 00:04:58]} O-O-O {[%clk 01:28:05]} {[%emt 00:00:37]} 9. b4
{[%clk 01:11:57]} {[%emt 00:04:39]} c4 {[%clk 01:28:22]} {[%emt 00:00:13]} 10.
Be2 {[%clk 01:11:26]} {[%emt 00:01:01]} g5 {[%clk 01:28:42]} {[%emt 00:00:10]}
11. Bg3 {[%clk 01:11:42]} {[%emt 00:00:14]} g4 {[%clk 01:27:54]} {[%emt
00:01:18]} 12. exf6 {[%clk 01:08:19]} {[%emt 00:03:53]} Bd6 {[%clk 01:28:05]}
{[%emt 00:00:18]} 13. Ne5 {[%clk 01:07:50]} {[%emt 00:01:00]} Nxe5 {[%clk
01:28:02]} {[%emt 00:00:33]} 14. dxe5 {[%clk 01:05:09]} {[%emt 00:03:12]} Bxe5
{[%clk 01:27:52]} {[%emt 00:00:40]} 15. f7 {[%clk 00:37:40]} {[%emt 00:27:58]}
Nh6 {[%clk 01:27:36]} {[%emt 00:00:46]} 16. O-O {[%clk 00:25:25]} {[%emt
00:12:45]} Bxg3 {[%clk 01:27:06]} {[%emt 00:01:00]} 17. fxg3 {[%clk 00:25:08]}
{[%emt 00:00:47]} e5 {[%clk 01:27:04]} {[%emt 00:00:32]} 18. Qxd5 {[%clk
00:24:43]} {[%emt 00:00:54]} Nf5 {[%clk 01:23:23]} {[%emt 00:04:11]} 19. Qe4
{[%clk 00:21:50]} {[%emt 00:03:24]} Qb6+ {[%clk 01:23:01]} {[%emt 00:00:51]}
20. Kh1 {[%clk 00:21:23]} {[%emt 00:00:57]} Ne3 {[%clk 01:23:22]} {[%emt
00:00:10]} 21. Re1 {[%clk 00:19:11]} {[%emt 00:02:42]} Bc6 {[%clk 01:20:32]}
{[%emt 00:03:20]} 22. Qxe3 {[%clk 00:18:05]} {[%emt 00:01:36]} Qxe3 {[%clk
01:20:31]} {[%emt 00:00:30]} 23. Bxg4+ {[%clk 00:18:27]} {[%emt 00:00:08]} Bd7
{[%clk 01:20:48]} {[%emt 00:00:13]} 24. Rxe3 {[%clk 00:17:39]} {[%emt
00:01:18]} Bxg4 {[%clk 01:21:12]} {[%emt 00:00:07]} 25. h3 {[%clk 00:16:16]}
{[%emt 00:01:52]} Bf5 {[%clk 01:21:31]} {[%emt 00:00:11]} 26. Rxe5 {[%clk
00:16:16]} {[%emt 00:00:30]} Rd1+ {[%clk 01:21:35]} {[%emt 00:00:26]} 27. Kh2
{[%clk 00:16:38]} {[%emt 00:00:08]} Bd7 {[%clk 01:21:48]} {[%emt 00:00:17]} 28.
Rc5+ {[%clk 00:15:51]} {[%emt 00:01:18]} Kd8 {[%clk 01:22:05]} {[%emt
00:00:13]} 29. Rxc4 {[%clk 00:14:51]} {[%emt 00:01:30]} Rf8 {[%clk 01:22:17]}
{[%emt 00:00:16]} 30. Rd4 {[%clk 00:07:57]} {[%emt 00:07:25]} Rc1 {[%clk
01:21:08]} {[%emt 00:01:39]} 31. Rf4 {[%clk 00:06:27]} {[%emt 00:01:59]} Ke7
{[%clk 01:21:29]} {[%emt 00:00:09]} 32. g4 {[%clk 00:05:50]} {[%emt 00:01:08]}
Rxf7 {[%clk 01:21:49]} {[%emt 00:00:10]} 33. g3 {[%clk 00:04:20]} {[%emt
00:02:00]} Bc6 {[%clk 01:21:29]} {[%emt 00:00:49]} 34. Rxf7+ {[%clk 00:02:44]}
{[%emt 00:02:05]} Kxf7 {[%clk 01:21:51]} {[%emt 00:00:09]} 35. Nd2 {[%clk
00:02:37]} {[%emt 00:00:38]} Rxa1 {[%clk 01:22:14]} {[%emt 00:00:06]} 36. Nb1
{[%clk 00:02:43]} {[%emt 00:00:23]} Rxb1 {[%clk 01:22:38]} {[%emt 00:00:07]}
37. g5 {[%clk 00:02:58]} {[%emt 00:00:15]} Rh1# {[%clk 01:22:32]} {[%emt
00:00:05]} 0-1

[Event "DEM U10 2025"]
[Site "Willingen GER"]
[Date "2025.06.11"]
[Round "6"]
[White "Chanishvili, Noa"]
[Black "Bentele, Otto"]
[Result "1-0"]
[Termination "normal"]
[Board "16"]
[WhiteElo "1552"]
[BlackElo "1510"]
[WhiteClock "00:44:56"]
[BlackClock "00:31:40"]
[PlyCount "87"]
[WhiteFideId "34698264"]
[BlackFideId "34653643"]
[EventCountry "GER"]
[EventRounds "9"]
[EventType "swiss"]
[EventDate "2025.06.07"]

1. e4 {[%clk 01:30:53]} {[%emt 00:00:06]} e5 {[%clk 01:30:42]} {[%emt
00:00:19]} 2. Bc4 {[%clk 01:31:05]} {[%emt 00:00:17]} Nf6 {[%clk 01:30:30]}
{[%emt 00:00:42]} 3. d3 {[%clk 01:31:17]} {[%emt 00:00:18]} h6 {[%clk
01:30:29]} {[%emt 00:00:32]} 4. Nc3 {[%clk 01:30:25]} {[%emt 00:01:22]} Bc5
{[%clk 01:30:05]} {[%emt 00:00:54]} 5. h3 {[%clk 01:30:10]} {[%emt 00:00:44]}
d6 {[%clk 01:30:05]} {[%emt 00:00:31]} 6. Be3 {[%clk 01:24:04]} {[%emt
00:06:35]} Bb6 {[%clk 01:29:26]} {[%emt 00:01:10]} 7. Nge2 {[%clk 01:22:52]}
{[%emt 00:01:41]} O-O {[%clk 01:27:46]} {[%emt 00:02:09]} 8. O-O {[%clk
01:21:55]} {[%emt 00:01:30]} Nc6 {[%clk 01:27:40]} {[%emt 00:00:34]} 9. Bxb6
{[%clk 01:20:56]} {[%emt 00:01:27]} axb6 {[%clk 01:26:34]} {[%emt 00:01:38]}
10. f4 {[%clk 01:19:53]} {[%emt 00:01:33]} Be6 {[%clk 01:24:10]} {[%emt
00:02:53]} 11. Bb3 {[%clk 01:18:29]} {[%emt 00:01:53]} Qd7 {[%clk 01:22:45]}
{[%emt 00:01:58]} 12. Ba4 {[%clk 01:15:51]} {[%emt 00:03:09]} exf4 {[%clk
01:15:23]} {[%emt 00:07:50]} 13. Nxf4 {[%clk 01:14:46]} {[%emt 00:01:35]} Qe7
{[%clk 01:13:07]} {[%emt 00:02:45]} 14. Bb3 {[%clk 01:14:28]} {[%emt 00:00:49]}
Bxb3 {[%clk 01:08:22]} {[%emt 00:05:14]} 15. axb3 {[%clk 01:13:57]} {[%emt
00:00:59]} Qe5 {[%clk 01:08:09]} {[%emt 00:00:44]} 16. Rxa8 {[%clk 01:13:54]}
{[%emt 00:00:34]} Rxa8 {[%clk 01:08:29]} {[%emt 00:00:11]} 17. Qf3 {[%clk
01:06:52]} {[%emt 00:07:32]} b5 {[%clk 01:04:21]} {[%emt 00:04:38]} 18. Nfd5
{[%clk 01:04:57]} {[%emt 00:02:24]} Nd4 {[%clk 01:00:39]} {[%emt 00:04:13]} 19.
Nxf6+ {[%clk 01:02:26]} {[%emt 00:03:01]} gxf6 {[%clk 01:00:11]} {[%emt
00:00:56]} 20. Qf2 {[%clk 00:56:53]} {[%emt 00:06:05]} c6 {[%clk 00:57:40]}
{[%emt 00:03:01]} 21. Nd1 {[%clk 00:53:17]} {[%emt 00:04:06]} Kg7 {[%clk
00:56:24]} {[%emt 00:01:40]} 22. Ne3 {[%clk 00:52:17]} {[%emt 00:01:35]} h5
{[%clk 00:53:22]} {[%emt 00:03:31]} 23. c3 {[%clk 00:51:47]} {[%emt 00:01:00]}
Ne6 {[%clk 00:50:37]} {[%emt 00:03:15]} 24. Nf5+ {[%clk 00:51:18]} {[%emt
00:00:59]} Kg6 {[%clk 00:48:32]} {[%emt 00:02:36]} 25. Qe3 {[%clk 00:51:21]}
{[%emt 00:00:26]} Ng5 {[%clk 00:46:08]} {[%emt 00:02:54]} 26. h4 {[%clk
00:50:58]} {[%emt 00:00:53]} Re8 {[%clk 00:44:03]} {[%emt 00:02:33]} 27. hxg5
{[%clk 00:50:04]} {[%emt 00:01:26]} fxg5 {[%clk 00:43:59]} {[%emt 00:00:33]}
28. Rf3 {[%clk 00:49:59]} {[%emt 00:00:36]} h4 {[%clk 00:43:26]} {[%emt
00:01:02]} 29. Rh3 {[%clk 00:49:56]} {[%emt 00:00:34]} d5 {[%clk 00:43:04]}
{[%emt 00:00:53]} 30. Rxh4 {[%clk 00:48:17]} {[%emt 00:02:09]} Rh8 {[%clk
00:41:00]} {[%emt 00:02:33]} 31. Rxh8 {[%clk 00:47:27]} {[%emt 00:01:20]} Qxh8
{[%clk 00:41:14]} {[%emt 00:00:17]} 32. Qh3 {[%emt 00:01:42]} Qf8 {[%clk
00:39:29]} {[%emt 00:00:57]} 33. exd5 {[%clk 00:46:55]} {[%emt 00:01:08]} cxd5
{[%clk 00:38:57]} {[%emt 00:01:01]} 34. Ne3 {[%clk 00:46:59]} {[%emt 00:00:26]}
Qe7 {[%clk 00:37:09]} {[%emt 00:02:18]} 35. Qf5+ {[%clk 00:46:56]} {[%emt
00:00:33]} Kg7 {[%clk 00:36:38]} {[%emt 00:01:01]} 36. Kf2 {[%clk 00:46:34]}
{[%emt 00:00:52]} Qd8 {[%clk 00:33:21]} {[%emt 00:03:47]} 37. Qxd5 {[%clk
00:44:03]} {[%emt 00:03:01]} Qf6+ {[%clk 00:33:32]} {[%emt 00:00:19]} 38. Qf3
{[%clk 00:44:16]} {[%emt 00:00:17]} Qb6 {[%clk 00:33:40]} {[%emt 00:00:23]} 39.
Qf5 {[%clk 00:44:17]} {[%emt 00:00:27]} f6 {[%clk 00:33:48]} {[%emt 00:00:24]}
40. d4 {[%clk 00:44:18]} {[%emt 00:00:29]} Qa6 {[%clk 00:33:46]} {[%emt
00:00:31]} 41. Qd7+ {[%clk 00:44:14]} {[%emt 00:00:35]} Kg6 {[%clk 00:33:24]}
{[%emt 00:00:51]} 42. Qe8+ {[%clk 00:44:32]} {[%emt 00:00:12]} Kg7 {[%clk
00:31:39]} {[%emt 00:02:14]} 43. Nf5+ {[%clk 00:44:56]} {[%emt 00:00:07]} Kh7
{[%clk 00:31:40]} {[%emt 00:00:30]} 44. Qf7+ {[%emt 00:01:29]} 1-0

[Event "DEM U10 2025"]
[Site "Willingen GER"]
[Date "2025.06.11"]
[Round "6"]
[White "Vranckx, Gabriel"]
[Black "Al Luwaisi, Taim"]
[Result "0-1"]
[Termination "normal"]
[Board "17"]
[WhiteElo "1627"]
[BlackElo "1694"]
[WhiteClock "00:41:32"]
[BlackClock "01:05:26"]
[PlyCount "60"]
[WhiteFideId "533031266"]
[BlackFideId "34645896"]
[EventCountry "GER"]
[EventRounds "9"]
[EventType "swiss"]
[EventDate "2025.06.07"]

1. e4 {[%clk 01:30:51]} {[%emt 00:00:07]} c6 {[%clk 01:30:56]} {[%emt
00:00:05]} 2. Nf3 {[%emt 00:00:42]} d5 {[%clk 01:31:15]} 3. Nc3 {[%clk
01:31:07]} {[%emt 00:00:14]} dxe4 {[%clk 01:31:38]} {[%emt 00:00:07]} 4. Nxe4
{[%clk 01:30:59]} {[%emt 00:00:38]} Nf6 {[%clk 01:32:04]} {[%emt 00:00:05]} 5.
Qe2 {[%clk 01:31:05]} {[%emt 00:00:24]} Nxe4 {[%clk 01:30:09]} {[%emt
00:02:26]} 6. Qxe4 {[%clk 01:30:09]} {[%emt 00:01:25]} Nd7 {[%clk 01:29:31]}
{[%emt 00:01:09]} 7. Bc4 {[%clk 01:28:57]} {[%emt 00:01:41]} Nf6 {[%clk
01:29:36]} {[%emt 00:00:25]} 8. Ne5 {[%clk 01:27:56]} {[%emt 00:01:30]} e6
{[%clk 01:29:40]} {[%emt 00:00:27]} 9. Qe2 {[%clk 01:27:59]} {[%emt 00:00:27]}
Be7 {[%clk 01:29:40]} {[%emt 00:00:30]} 10. O-O {[%clk 01:27:16]} {[%emt
00:01:11]} O-O {[%clk 01:30:07]} {[%emt 00:00:03]} 11. c3 {[%clk 01:25:20]}
{[%emt 00:02:27]} Qc7 {[%clk 01:27:18]} {[%emt 00:03:20]} 12. d4 {[%clk
01:23:48]} {[%emt 00:02:00]} b5 {[%clk 01:21:57]} {[%emt 00:05:53]} 13. Bd3
{[%clk 01:23:27]} {[%emt 00:00:50]} Nd5 {[%clk 01:22:14]} {[%emt 00:00:13]} 14.
Qg4 {[%clk 01:19:31]} {[%emt 00:04:19]} Bf6 {[%clk 01:15:51]} {[%emt 00:06:59]}
15. Qe4 {[%clk 01:17:14]} {[%emt 00:02:47]} g6 {[%clk 01:12:18]} {[%emt
00:04:03]} 16. Bh6 {[%clk 01:15:34]} {[%emt 00:02:10]} Bg7 {[%clk 01:11:56]}
{[%emt 00:00:54]} 17. Bxg7 {[%clk 01:14:38]} {[%emt 00:01:25]} Kxg7 {[%clk
01:12:20]} {[%emt 00:00:06]} 18. h4 {[%clk 01:12:39]} {[%emt 00:02:28]} h5
{[%clk 01:11:19]} {[%emt 00:01:31]} 19. Nxg6 {[%clk 00:55:25]} {[%emt
00:17:44]} f5 {[%clk 01:10:05]} {[%emt 00:01:44]} 20. Qe5+ {[%clk 00:55:10]}
{[%emt 00:00:45]} Kxg6 {[%clk 01:10:14]} {[%emt 00:00:21]} 21. Qxc7 {[%clk
00:53:09]} {[%emt 00:02:31]} Nxc7 {[%clk 01:09:38]} {[%emt 00:01:05]} 22. a4
{[%clk 00:52:33]} {[%emt 00:01:07]} a6 {[%clk 01:09:14]} {[%emt 00:00:55]} 23.
axb5 {[%clk 00:51:23]} {[%emt 00:01:39]} cxb5 {[%clk 01:09:18]} {[%emt
00:00:26]} 24. Rfe1 {[%clk 00:51:17]} {[%emt 00:00:36]} Bb7 {[%clk 01:08:47]}
{[%emt 00:01:02]} 25. Re5 {[%clk 00:51:20]} {[%emt 00:00:27]} Bd5 {[%clk
01:09:05]} {[%emt 00:00:11]} 26. Rae1 {[%clk 00:49:02]} {[%emt 00:02:48]} Kh6
{[%clk 01:08:41]} {[%emt 00:00:54]} 27. R1e3 {[%clk 00:44:47]} {[%emt
00:04:44]} Rg8 {[%clk 01:08:51]} {[%emt 00:00:21]} 28. g3 {[%clk 00:42:38]}
{[%emt 00:02:39]} f4 {[%clk 01:08:37]} {[%emt 00:00:44]} 29. Re1 {[%clk
00:41:44]} {[%emt 00:01:23]} fxg3 {[%clk 01:05:08]} {[%emt 00:03:58]} 30. fxg3
{[%clk 00:41:32]} {[%emt 00:00:42]} Rxg3+ {[%clk 01:05:26]} {[%emt 00:00:12]}
0-1